Culture Générale - Série 2629 - Statistiques

Statistiques générales
  • Ce quiz a été pris 79 fois
  • Le résultat moyen est 4 sur 10
Statistiques - réponses
Question Réponse % Correct
Quelle île, aux étranges sculptures, a été inscrite au patrimoine mondial de l'Unesco ? Pâques
73%
En France, à quelle année la majorité est-elle passée de 21 à 18 ans ? 1974
69%
De quel pays Niamey est-elle la capitale ? Niger
66%
Qui a chanté "La cavalerie" et "La Californie" en 1968 et 1970 ? prénom et nom Julien Clerc
43%
Aux Etats Unis, quel animal symbolise le parti Démocrate ? âne
37%
Dans quel état des Etats Unis peut-on se promener dans le Red Rocks Park ? Colorado
31%
Ce mot de 4 lettres désigne un département français - une chanteuse américaine née en 1946 cher
29%
Quel écrivain français (1850-1923), de son vrai nom Julien Viaud,amoureux inconditionnel de la Turquie et du peuple turc, est enterré à Saint-Pierre-d'Oléron ? prénom et nom Pierre Loti
16%
Dans la série télévisée Daktari des années 1960, comment s'appelle la guenon ? Judy
7%
Quel phare du Finistère a été inscrit monument historique par arrêté du 31 décembre 2015 ? Tévennec
0%
Aucun quiz correspondant
Distribution des résultats
% des personnes avec chaque résultat
Percentile par nombre de réponses
Votre historique - résultats
Vous n’avez pas pris ce quiz